000 00659nam a2200205Ii 4500
003 JO-AjNU
008 230605s9999||||xx |||||||||||||| ||und||
040 _aJO-AjNU
_bara
_erda
_cJO-AjNU
041 _aara
050 1 4 _aDT194.2019
100 3 _aالمعموري، محمد عبد الله,
_eauthor
_960740
245 0 0 _aتاريخ المغرب والاندلس
250 _aط1
264 3 1 _aعمان: دار صفاء للنشر والتوزيع، 2019
300 _a440ص
336 _atext
_btxt
_2rdacontent
337 _aunmediated
_bn
_2rdamedia
338 _avolume
_bnc
_2rdacarrier
650 4 _aالمغرب- الاندلس- تاريخ
_960741
999 _aA27410
_c30978
_d30978